Biggest Countries with the Smallest Populations - Statistics

General Stats
  • This quiz has been taken 1,565 times
  • The average score is 12 of 15
Answer Stats
Area Population Country % Correct
9,093,510 37.7 mil Canada
96%
7,682,300 25.5 mil Australia
94%
1,553,560 3.3 mil Mongolia
94%
2,699,700 18.8 mil Kazakhstan
91%
2,381,740 43.9 mil Algeria
85%
1,259,200 16.4 mil Chad
82%
1,759,540 6.9 mil Libya
80%
2,736,690 45.2 mil Argentina
78%
1,220,190 20.2 mil Mali
78%
1,765,048 43.8 mil Sudan
74%
1,266,700 24.2 mil Niger
73%
2,149,690 34.8 mil Saudi Arabia
72%
1,280,000 33.0 mil Peru
67%
1,083,300 11.7 mil Bolivia
63%
1,246,700 32.9 mil Angola
59%
No matching quizzes found
Score Distribution
Percent of People with Each Score
Percentile by Number Answered
Your Score History
You have not taken this quiz